000 00397nam a2200145 i 4500
001 bg
100 1 _aBRZEZIŃSKI, Jerzy
245 0 _aPomoce i środki audiowizualne w nauczaniu języków obcych /
_cJerzy Brzeziński.
260 _aWarszawa,
_c1980.
040 _cBPK
041 _apol
080 _a371.64/.69:372.88+800:37](075.8)
942 _cKS
008 s pl f |000 0 pol
999 _c19342
_d19342
856 _uhttp://koha.tu.koszalin.pl/cgi-bin/koha/opac-detail.pl?biblionumber=19342
_yKatalog online BPK